Značka s. Oliver a jej pozícia na slovenskom trhu diplomová práca

Salvato in:
Dettagli Bibliografici
Autore principale: Antálková, Jana
Ente Autore: Obchodná fakulta EU. Katedra tovaroznalectva a kvality tovaru
Altri autori: Lacková, Alica
Natura: Libro
Lingua:slovacco
Pubblicazione: Bratislava 2009
Tags: Aggiungi Tag
Nessun Tag, puoi essere il primo ad aggiungerne!!

MARC

LEADER 00000nam$a2200000$$$4500
001 0114858
005 20240319125452.2
041 0 |a slo 
044 |a SK 
245 1 0 |a Značka s. Oliver a jej pozícia na slovenskom trhu  |b diplomová práca  |c Jana Antálková ; škol. Alica Lacková 
264 1 |a Bratislava  |c 2009 
300 |a 62 s. 
100 1 |a Antálková, Jana 
700 1 |a Lacková, Alica 
710 2 |a Obchodná fakulta EU. Katedra tovaroznalectva a kvality tovaru